[Event "28. Klatovy B 2022"]
[Site "Klatovy"]
[Date "2022.07.05"]
[Round "4.11"]
[White "Vavrousek, Petr"]
[Black "Vnoucek, Pavel"]
[Result "1-0"]
[WhiteElo "1517"]
[BlackElo "1678"]
[PlyCount "89"]
[EventDate "2022.07.02"]
[EventType "swiss"]
[EventRounds "9"]
[EventCountry "CZE"]

1. e4 c5 2. Nf3 e6 3. b3 Nf6 4. e5 Nd5 5. Bb2 Nc6 6. Na3 a6 7. Nc4 b5 8. Ne3 Nb6 9. Be2 Bb7 10. O-O Be7 11. d4 cxd4 12. Nxd4 Qc7 13. Nxc6 dxc6 14. Bf3 O-O 15. Qe2 c5 16. Bxb7 Qxb7 17. Rad1 Rfd8 18. Kh1 Qc7 19. f4 g6 20. Ng4 Rxd1 21. Rxd1 Rd8 22. Rxd8+ Qxd8 23. h3 c4 24. bxc4 Nxc4 25. Bc3 Kg7 26. a4 Bc5 27. axb5 axb5 28. Qe1 Ba7 29. Nf6 Qb6 30. Bb4 Ne3 31. Bf8+ Kh8 32. Qh4 h5 33. Nxh5 Kg8 34. Nf6+ Kxf8 35. Nd7+ Ke8 36. Nxb6 Bxb6 37. Qh8+ Ke7 38. Qb8 Bd8 39. Qb7+ Kf8 40. c3 Nd5 41. Qb6 Be7 42. Qxb5 Nxf4 43. c4 Nd3 44. Kh2 Kg7 45. Qd7 1-0

[Event "28. Klatovy B 2022"]
[Site "Klatovy"]
[Date "2022.07.05"]
[Round "4.12"]
[White "Berka, Lubos"]
[Black "Rychtecky, Pavel"]
[Result "1-0"]
[WhiteElo "1677"]
[BlackElo "1482"]
[PlyCount "117"]
[EventDate "2022.07.02"]
[EventType "swiss"]
[EventRounds "9"]
[EventCountry "CZE"]

1. e4 c5 2. Nc3 Nc6 3. g3 g6 4. Bg2 Bg7 5. d3 e6 6. Nge2 Nge7 7. O-O d6 8. Bf4 O-O 9. Rb1 a6 10. a4 Rb8 11. Qd2 b5 12. axb5 axb5 13. Rfd1 b4 14. Na4 e5 15. Bg5 Be6 16. b3 Qc7 17. Be3 Nd4 18. Rf1 Nec6 19. Nb2 Ra8 20. Ra1 Ra3 21. Bxd4 cxd4 22. Nc4 Bxc4 23. dxc4 Qa7 24. Rab1 Ra8 25. Nc1 Ra1 26. Nd3 Rxb1 27. Rxb1 Qb6 28. h3 Ra7 29. Kh1 h5 30. Rf1 Rb7 31. Qg5 Nd8 32. f4 Ne6 33. Qh4 Qd8 34. Qxd8+ Nxd8 35. Ra1 Kf8 36. Ra5 Nc6 37. Ra6 Rc7 38. h4 Ke7 39. Bh3 f6 40. g4 hxg4 41. Bxg4 Bh6 42. f5 g5 43. h5 Bf8 44. Ra8 Kf7 45. Kg2 Ke7 46. Kf2 Rb7 47. Ke2 Nd8 48. Kd2 Bh6 49. Be2 Bf8 50. Kc1 Bh6 51. Ra5 Nc6 52. Rb5 Nd8 53. Rxb4 g4+ 54. Kb2 g3 55. Bf3 Rxb4 56. Nxb4 Nb7 57. Nd5+ Kf7 58. b4 Bd2 59. Kb3 1-0

[Event "28. Klatovy B 2022"]
[Site "Klatovy"]
[Date "2022.07.05"]
[Round "4.13"]
[White "Levinsky, Ladislav"]
[Black "Sova, Zdenek"]
[Result "0-1"]
[WhiteElo "1498"]
[BlackElo "1669"]
[PlyCount "98"]
[EventDate "2022.07.02"]
[EventType "swiss"]
[EventRounds "9"]
[EventCountry "CZE"]

1. Nf3 d5 2. d4 e6 3. Bf4 Nf6 4. e3 c5 5. c3 Nbd7 6. Nbd2 Be7 7. Be2 O-O 8. Qc2 cxd4 9. exd4 h6 10. Bd3 Re8 11. Ne5 Nxe5 12. Bxe5 Nd7 13. Nf3 f6 14. Bg3 f5 15. Ne5 Nxe5 16. Bxe5 Bf6 17. Qe2 Bd7 18. O-O a6 19. Rfe1 Rc8 20. Qh5 Bxe5 21. Rxe5 Qf6 22. Rae1 Rf8 23. f4 Rc6 24. Qe2 Qh4 25. g3 Qf6 26. Qc2 b5 27. Qb3 Kh8 28. Be2 g5 29. Rf1 Qd8 30. Qd1 Rg8 31. Kh1 g4 32. a3 Qb6 33. Kg2 a5 34. Rh1 b4 35. cxb4 axb4 36. a4 b3 37. Bb5 Rc2+ 38. Re2 Bxb5 39. axb5 Rgc8 40. Rhe1 Qxb5 41. Kf1 Rxb2 42. Kf2 Rbc2 43. Qb1 Qd3 44. Qd1 Qf3+ 45. Kg1 R8c3 46. Qa1 Rc8 47. Rxc2 bxc2 48. Rc1 Qe3+ 49. Kf1 Qd2 0-1

[Event "28. Klatovy B 2022"]
[Site "Klatovy"]
[Date "2022.07.05"]
[Round "4.14"]
[White "Zrust, Lukas"]
[Black "Macho, Miloslav"]
[Result "1/2-1/2"]
[WhiteElo "1266"]
[BlackElo "1664"]
[PlyCount "68"]
[EventDate "2022.07.02"]
[EventType "swiss"]
[EventRounds "9"]
[EventCountry "CZE"]

1. c4 g6 2. Nc3 Bg7 3. Nf3 c5 4. g3 Nc6 5. Bg2 Nf6 6. d3 d6 7. O-O O-O 8. Rb1 Nd7 9. a3 Rb8 10. Nd5 e6 11. Nc3 a6 12. Bg5 f6 13. Bf4 Nde5 14. Nxe5 fxe5 15. Bd2 Qc7 16. b4 Nd4 17. e3 Nf5 18. b5 Bd7 19. a4 Ne7 20. b6 Qd8 21. Ne4 Bc6 22. a5 Qd7 23. Bh3 Bxe4 24. dxe4 Nc6 25. Bc3 Qe7 26. Qg4 Rf6 27. f4 Rbf8 28. Rbd1 Nd8 29. Rf2 Nf7 30. Rdf1 Qe8 31. Qd1 Qc6 32. Qe2 Nd8 33. Bg4 R6f7 34. Bh3 Rf6 1/2-1/2

[Event "28. Klatovy B 2022"]
[Site "Klatovy"]
[Date "2022.07.05"]
[Round "4.15"]
[White "Vasko, Pavel"]
[Black "Bara, Jan"]
[Result "1/2-1/2"]
[WhiteElo "1477"]
[BlackElo "1616"]
[PlyCount "93"]
[EventDate "2022.07.02"]
[EventType "swiss"]
[EventRounds "9"]
[EventCountry "CZE"]

1. e4 c5 2. Nf3 d6 3. d4 cxd4 4. Nxd4 Nf6 5. Bd3 g6 6. c3 Bg7 7. O-O O-O 8. h3 Nc6 9. Be3 Bd7 10. Nd2 Rc8 11. Rc1 a6 12. Qe2 Ne5 13. Bb1 b5 14. b3 Qa5 15. f4 Nc6 16. N2f3 Nxd4 17. cxd4 Rxc1 18. Rxc1 Rc8 19. Rxc8+ Bxc8 20. Qd2 Qxd2 21. Nxd2 Kf8 22. Kf2 Bb7 23. g4 h5 24. g5 Ne8 25. e5 dxe5 26. dxe5 Nc7 27. Ne4 Nd5 28. a3 Nxe3 29. Kxe3 Bc8 30. h4 Bf5 31. Bd3 Ke8 32. Nc5 Bc8 33. Ke4 e6 34. Kd4 Bf8 35. b4 Kd8 36. Be4 Kc7 37. Bg2 Kb6 38. Nb3 Be7 39. Be4 Bd8 40. Bf3 Bb7 41. Be2 Bd5 42. Nc5 Be7 43. Bd3 Bxc5+ 44. bxc5+ Kc6 45. Bc2 Bg2 46. Bb3 Bf3 47. Bc2 1/2-1/2

[Event "28. Klatovy B 2022"]
[Site "Klatovy"]
[Date "2022.07.05"]
[Round "4.16"]
[White "Bukvaj, Jan"]
[Black "Skalny, Petr"]
[Result "1/2-1/2"]
[WhiteElo "1342"]
[BlackElo "1609"]
[PlyCount "32"]
[EventDate "2022.07.02"]
[EventType "swiss"]
[EventRounds "9"]
[EventCountry "CZE"]

1. c4 Nf6 2. Nc3 e6 3. g3 d5 4. cxd5 exd5 5. d4 Be7 6. Bg2 c6 7. Nf3 O-O 8. Qc2 Bg4 9. O-O Nbd7 10. e4 dxe4 11. Nxe4 Nxe4 12. Qxe4 Nf6 13. Qd3 Bh5 14. Be3 Nd5 15. Rfe1 Bf6 16. Qb3 Qb6 1/2-1/2

[Event "28. Klatovy B 2022"]
[Site "Klatovy"]
[Date "2022.07.05"]
[Round "4.17"]
[White "Hanzlik, Jiri"]
[Black "Sobr, Vaclav"]
[Result "1-0"]
[WhiteElo "1609"]
[BlackElo "1474"]
[PlyCount "67"]
[EventDate "2022.07.02"]
[EventType "swiss"]
[EventRounds "9"]
[EventCountry "CZE"]

1. c4 c5 2. Nc3 Nc6 3. Nf3 g6 4. g3 Bg7 5. Qc2 d6 6. a3 Nf6 7. d3 O-O 8. Bg2 e5 9. O-O Rb8 10. Bg5 h6 11. Bd2 Be6 12. e4 a6 13. Nd5 b5 14. b3 Bg4 15. Ne3 Bxf3 16. Bxf3 Nd4 17. Qd1 bxc4 18. bxc4 Rb3 19. Be2 Qb6 20. Nc2 Rb8 21. Nxd4 cxd4 22. Bb4 a5 23. Qxb3 axb4 24. axb4 Nd7 25. b5 Nc5 26. Qb4 Qd8 27. Qb2 h5 28. Ra3 h4 29. Rfa1 hxg3 30. hxg3 Qg5 31. Ra8 Rxa8 32. Rxa8+ Kh7 33. b6 Qe7 34. Ra7 1-0

[Event "28. Klatovy B 2022"]
[Site "Klatovy"]
[Date "2022.07.05"]
[Round "4.18"]
[White "Devera, Filip"]
[Black "Kovar, Vaclav 1953"]
[Result "1-0"]
[WhiteElo "1287"]
[BlackElo "1619"]
[PlyCount "95"]
[EventDate "2022.07.02"]
[EventType "swiss"]
[EventRounds "9"]
[EventCountry "CZE"]

1. e4 e5 2. Nf3 Nc6 3. Bc4 d6 4. O-O Be7 5. d4 Bg4 6. Qd3 Nf6 7. dxe5 Bxf3 8. exf6 Bxf6 9. Qxf3 Ne5 10. Qb3 O-O 11. Nc3 a6 12. a4 c6 13. Bd3 Qe7 14. Bf4 Rab8 15. Bxe5 Bxe5 16. Qb6 Qf6 17. Ne2 Rfc8 18. f4 Bxb2 19. Rab1 Ba3 20. Qb3 Bc5+ 21. Kh1 Rc7 22. Qc3 Qh6 23. Rf3 b5 24. axb5 cxb5 25. Rh3 Qe6 26. Qb3 Qe7 27. Qd5 g6 28. Qg5 f6 29. Qd5+ Kg7 30. Nd4 Re8 31. Ra1 Bxd4 32. Qxd4 Rc6 33. Re3 Qe6 34. Rae1 Rc5 35. Qa1 Qg4 36. e5 dxe5 37. fxe5 Rcxe5 38. Rxe5 Rxe5 39. Rxe5 fxe5 40. h3 Qf4 41. Qxa6 Qc1+ 42. Kh2 Qf4+ 43. Kg1 Qe3+ 44. Kf1 Qf4+ 45. Ke2 e4 46. Qa7+ Kg8 47. Qa8+ Kg7 48. Qxe4 1-0

[Event "28. Klatovy B 2022"]
[Site "Klatovy"]
[Date "2022.07.05"]
[Round "4.19"]
[White "Lickova, Anna"]
[Black "Hampel, Rudolf"]
[Result "0-1"]
[WhiteElo "1016"]
[BlackElo "1598"]
[PlyCount "96"]
[EventDate "2022.07.02"]
[EventType "swiss"]
[EventRounds "9"]
[EventCountry "CZE"]

1. e4 c5 2. Nf3 e6 3. d4 cxd4 4. Nxd4 Nf6 5. Nc3 Nc6 6. Nxc6 bxc6 7. e5 Nd5 8. Nxd5 exd5 9. Bd3 d6 10. exd6 Bxd6 11. O-O O-O 12. Re1 Qc7 13. g3 Be6 14. Qh5 g6 15. Qf3 Qd7 16. Bg5 f5 17. Rac1 f4 18. Bxf4 Bg4 19. Qe3 Bxf4 20. gxf4 Qf7 21. c4 Rac8 22. Qd2 Bf3 23. Re3 Qxf4 24. Kf1 Qxh2 25. Ke1 d4 26. c5 dxe3 27. Bc4+ Bd5 28. Bxd5+ cxd5 29. Qxd5+ Rf7 30. Kd1 Qg1+ 31. Kc2 Qxf2+ 32. Kb3 Rb8+ 33. Ka4 Qxb2 34. Qc4 a6 35. c6 Qb5+ 36. Qxb5 axb5+ 37. Kb4 Rc7 38. a4 bxa4+ 39. Ka3 e2 40. Re1 Re8 41. Kxa4 Rxc6 42. Kb3 Kf7 43. Kb4 Rd6 44. Kc3 Rd1 45. Rf1+ exf1=Q 46. Kc2 Rc8+ 47. Kb2 Rb1+ 48. Ka3 Ra8# 0-1

[Event "28. Klatovy B 2022"]
[Site "Klatovy"]
[Date "2022.07.05"]
[Round "4.20"]
[White "Kubat, Zbynek"]
[Black "Barth, Vit"]
[Result "1-0"]
[WhiteElo "1596"]
[BlackElo "1310"]
[PlyCount "111"]
[EventDate "2022.07.02"]
[EventType "swiss"]
[EventRounds "9"]
[EventCountry "CZE"]

1. e4 c5 2. d4 d5 3. dxc5 e6 4. exd5 Bxc5 5. Nc3 Nf6 6. Bb5+ Bd7 7. dxe6 Qe7 8. Qe2 Qxe6 9. Qxe6+ fxe6 10. Nf3 O-O 11. Bxd7 Nbxd7 12. O-O Rac8 13. Bg5 Ng4 14. h3 Nge5 15. Nxe5 Nxe5 16. Ne4 Rf5 17. c3 Nd3 18. Nxc5 Rfxc5 19. Be3 Rb5 20. Rab1 a5 21. Rfd1 Rxb2 22. Rxb2 Nxb2 23. Rb1 Na4 24. Rxb7 Nxc3 25. Ra7 Nd5 26. Rxa5 h6 27. Ra7 e5 28. Ra5 Rd8 29. a4 Kf7 30. Ra7+ Kf6 31. g4 Rb8 32. Ra6+ Kf7 33. Kg2 Rb3 34. Kf3 Ra3 35. a5 Nb4 36. Ra7+ Kf6 37. Ke4 Ke6 38. Rb7 Nd5 39. Ra7 Nc3+ 40. Kf3 Kf6 41. Ra6+ Kf7 42. Rc6 Nb5 43. Rc5 Nd4+ 44. Ke4 Nb3 45. Rxe5 Nxa5 46. Rf5+ Ke6 47. Re5+ Kf6 48. Rc5 Nb3 49. Rc6+ Kf7 50. Rd6 Ke7 51. Rb6 Ra4+ 52. Kf5 Nd4+ 53. Bxd4 Rxd4 54. Rb7+ Kf8 55. f4 Rd3 56. h4 1-0

[Event "28. Klatovy B 2022"]
[Site "Klatovy"]
[Date "2022.07.05"]
[Round "4.21"]
[White "Novy, Jaroslav"]
[Black "Skopec, Lubos"]
[Result "1/2-1/2"]
[WhiteElo "1458"]
[BlackElo "1860"]
[PlyCount "37"]
[EventDate "2022.07.02"]
[EventType "swiss"]
[EventRounds "9"]
[EventCountry "CZE"]

1. e4 c5 2. Nf3 d6 3. d4 cxd4 4. Nxd4 Nf6 5. Nc3 g6 6. f3 Bg7 7. Be3 O-O 8. Bc4 Nc6 9. Qd2 Bd7 10. O-O Rc8 11. Bb3 Ne5 12. Rac1 Nc4 13. Bxc4 Rxc4 14. Nd5 Re8 15. Nxf6+ Bxf6 16. c3 b6 17. b3 Rc7 18. c4 Qb8 19. Rc2 1/2-1/2

[Event "28. Klatovy B 2022"]
[Site "Klatovy"]
[Date "2022.07.05"]
[Round "4.22"]
[White "Stross, Frantisek 1952"]
[Black "Zak, Jiri1"]
[Result "0-1"]
[WhiteElo "1414"]
[BlackElo "1732"]
[PlyCount "75"]
[EventDate "2022.07.02"]
[EventType "swiss"]
[EventRounds "9"]
[EventCountry "CZE"]

1. e4 d6 2. Bc4 g6 3. d3 Bg7 4. c3 Nf6 5. h3 c6 6. Nf3 Nbd7 7. a3 O-O 8. O-O Qc7 9. Bf4 e5 10. Be3 a6 11. b4 d5 12. exd5 cxd5 13. Bb3 b6 14. Nh2 Bb7 15. d4 e4 16. Qc1 Rfc8 17. f4 exf3 18. Nxf3 Ne4 19. Ng5 Ndf6 20. Nxe4 Nxe4 21. Bd2 Qd7 22. Bd1 Bxd4+ 23. Kh2 Nxd2 24. Qxd2 Qc7+ 25. g3 Bxc3 26. Nxc3 Qxc3 27. Qa2 Rc4 28. Bb3 Rd4 29. Rf2 Re8 30. Raf1 Re7 31. h4 Rd3 32. Bd1 Rxg3 33. Rf3 Rxf3 34. Rxf3 Qe1 35. Qc2 Qxh4+ 36. Kg1 Re1+ 37. Rf1 d4 38. Qf2 0-1

[Event "28. Klatovy B 2022"]
[Site "Klatovy"]
[Date "2022.07.05"]
[Round "4.23"]
[White "Kratochvil, Milos 1976"]
[Black "Vavrinek, Tomas"]
[Result "0-1"]
[WhiteElo "1393"]
[BlackElo "1677"]
[PlyCount "84"]
[EventDate "2022.07.02"]
[EventType "swiss"]
[EventRounds "9"]
[EventCountry "CZE"]

1. d4 d5 2. e3 Bf5 3. Nf3 e6 4. Bd3 Bg6 5. Nbd2 Bd6 6. e4 dxe4 7. Nxe4 Be7 8. Bf4 Nf6 9. Qe2 Nd5 10. Be3 Nd7 11. O-O N7f6 12. Ng3 Nb4 13. Bxg6 hxg6 14. c3 Nc6 15. Ne5 Qd6 16. Qb5 O-O 17. Qxb7 Nxe5 18. dxe5 Qxe5 19. Bd4 Qd6 20. Qf3 c5 21. Be3 Qb6 22. b3 Nd5 23. Bd2 a5 24. c4 Nb4 25. a4 Rad8 26. Be3 Rd3 27. Rab1 Rfd8 28. Rfd1 Qd6 29. Rf1 f5 30. Qe2 e5 31. f4 e4 32. Qf2 Nc6 33. Ne2 Nb4 34. Ng3 Nc2 35. Qxc2 Rxe3 36. b4 axb4 37. Rb3 Rxb3 38. Qxb3 Qd4+ 39. Kh1 Qd3 40. Qa2 b3 41. Qe2 Qxe2 42. Nxe2 b2 0-1

[Event "28. Klatovy B 2022"]
[Site "Klatovy"]
[Date "2022.07.05"]
[Round "4.24"]
[White "Vajdik, Josef"]
[Black "Beran, Jakub"]
[Result "0-1"]
[WhiteElo "1305"]
[BlackElo "1676"]
[PlyCount "54"]
[EventDate "2022.07.02"]
[EventType "swiss"]
[EventRounds "9"]
[EventCountry "CZE"]

1. e4 c5 2. Nf3 Nc6 3. c3 Nf6 4. e5 Nd5 5. d4 cxd4 6. cxd4 d6 7. Be2 Bf5 8. a3 e6 9. O-O Be7 10. Bc4 Nb6 11. Bb3 O-O 12. Nc3 Bg4 13. exd6 Qxd6 14. Be3 Rfd8 15. Ne4 Qd7 16. Qe2 Bxf3 17. Qxf3 Nxd4 18. Bxd4 Qxd4 19. Nc3 Qd7 20. Rfd1 Qc6 21. Qh3 Bf6 22. Rd3 Rxd3 23. Qxd3 Rd8 24. Qe3 Bxc3 25. bxc3 Qb5 26. Bc2 Qb2 27. Rc1 Qxc2 0-1

[Event "28. Klatovy B 2022"]
[Site "Klatovy"]
[Date "2022.07.05"]
[Round "4.25"]
[White "Svec, Ludek"]
[Black "Rezny, Frantisek"]
[Result "1-0"]
[WhiteElo "1585"]
[BlackElo "1517"]
[PlyCount "97"]
[EventDate "2022.07.02"]
[EventType "swiss"]
[EventRounds "9"]
[EventCountry "CZE"]

1. d4 d5 2. Nf3 e6 3. g3 Nf6 4. Bg2 c5 5. c4 cxd4 6. O-O Nc6 7. Nxd4 Bd7 8. cxd5 Nxd5 9. e4 Ndb4 10. Na3 Rc8 11. Bf4 a6 12. Qd2 Nxd4 13. Qxd4 Nc6 14. Qd1 e5 15. Be3 Bxa3 16. bxa3 O-O 17. f4 f6 18. Qb3+ Kh8 19. Bb6 Qe8 20. f5 Qf7 21. Qd3 Nb8 22. Rfd1 Bb5 23. Qd5 Bc6 24. Qxf7 Rxf7 25. Rd2 Nd7 26. Be3 h6 27. Rc1 Rff8 28. Rdc2 Rc7 29. Bf1 Rfc8 30. Bd3 Kg8 31. Bc4+ Kf8 32. Be6 Ke8 33. Bd5 Kd8 34. Bxc6 Rxc6 35. Rxc6 Rxc6 36. Rxc6 bxc6 37. Kf2 c5 38. Ke2 Kc7 39. Kd3 Kc6 40. a4 Nb6 41. a5 Na4 42. Kc4 Nb2+ 43. Kb3 Nd1 44. Bg1 c4+ 45. Kc2 Kb5 46. Kxd1 Kxa5 47. Bc5 Kb5 48. Bf8 c3 49. Bxg7 1-0

[Event "28. Klatovy B 2022"]
[Site "Klatovy"]
[Date "2022.07.05"]
[Round "4.26"]
[White "Pucholt, Martin 1978"]
[Black "Bukvaj, Martin"]
[Result "0-1"]
[WhiteElo "1566"]
[BlackElo "1410"]
[PlyCount "88"]
[EventDate "2022.07.02"]
[EventType "swiss"]
[EventRounds "9"]
[EventCountry "CZE"]

1. e4 c5 2. Nf3 Nc6 3. d4 cxd4 4. Nxd4 g6 5. Nc3 Bg7 6. Nde2 Nf6 7. g3 O-O 8. Bg2 d6 9. O-O Bd7 10. Bg5 h6 11. Be3 Ne5 12. Rb1 Qc8 13. Nd5 Nxd5 14. exd5 Bh3 15. f4 Nc4 16. Bd4 Bxg2 17. Kxg2 e5 18. dxe6 Qxe6 19. Re1 Rfe8 20. Qd3 Qd5+ 21. Kh3 Rxe2 22. Rxe2 Qh5+ 23. Kg2 Qd5+ 24. Qf3 Qxf3+ 25. Kxf3 Bxd4 26. b3 Na3 27. Rd1 Bc5 28. c4 b5 29. cxb5 Nxb5 30. Re7 Nd4+ 31. Kg4 Nf5 32. Rb7 Ne3+ 33. Kf3 Nxd1 34. b4 Bb6 35. a4 Re8 36. a5 Re3+ 37. Kg2 Bd4 38. Rd7 f5 39. Rxd6 Re4 40. Rxg6+ Kh7 41. Rd6 Ne3+ 42. Kh3 Ng4 43. Kg2 Re2+ 44. Kf3 Rf2# 0-1

[Event "28. Klatovy B 2022"]
[Site "Klatovy"]
[Date "2022.07.05"]
[Round "4.27"]
[White "Berkovec, Josef"]
[Black "Lhotsky, Zdenek 1966"]
[Result "1-0"]
[WhiteElo "1544"]
[BlackElo "1321"]
[PlyCount "65"]
[EventDate "2022.07.02"]
[EventType "swiss"]
[EventRounds "9"]
[EventCountry "CZE"]

1. Nf3 Nf6 2. c4 c5 3. g3 d5 4. Bg2 e6 5. O-O Be7 6. b3 O-O 7. Bb2 Nc6 8. e3 b6 9. cxd5 Nxd5 10. d4 Ba6 11. Re1 Rc8 12. a3 Bf6 13. e4 Nc7 14. e5 Be7 15. dxc5 Bxc5 16. Nc3 Qxd1 17. Raxd1 Rfd8 18. Ne4 Nb5 19. Nxc5 bxc5 20. Bf1 Ncd4 21. Nxd4 Nxd4 22. Bxd4 Bxf1 23. Bxc5 Bb5 24. Bxa7 Bc6 25. Bc5 Bd5 26. b4 Ra8 27. Ra1 Rd7 28. a4 h6 29. a5 Bc4 30. Rad1 Rad8 31. Rxd7 Rxd7 32. a6 Bb5 33. a7 1-0

[Event "28. Klatovy B 2022"]
[Site "Klatovy"]
[Date "2022.07.05"]
[Round "4.28"]
[White "Berkovec, Jakub"]
[Black "Kotesovec, Jaroslav"]
[Result "1/2-1/2"]
[WhiteElo "1191"]
[BlackElo "1543"]
[PlyCount "43"]
[EventDate "2022.07.02"]
[EventType "swiss"]
[EventRounds "9"]
[EventCountry "CZE"]

1. e4 e5 2. Nf3 Nc6 3. d4 exd4 4. Nxd4 Nxd4 5. Qxd4 d6 6. Nc3 c6 7. Be2 Qf6 8. Qxf6 Nxf6 9. Bg5 Be7 10. O-O h6 11. Bf4 O-O 12. Rad1 Rd8 13. e5 dxe5 14. Rxd8+ Bxd8 15. Bxe5 Be6 16. Rd1 Nd5 17. Nxd5 Bxd5 18. c4 Be6 19. b3 Be7 20. h3 Rd8 21. Rxd8+ Bxd8 22. Bd3 1/2-1/2

[Event "28. Klatovy B 2022"]
[Site "Klatovy"]
[Date "2022.07.05"]
[Round "4.29"]
[White "Dolezal, Rudolf"]
[Black "Pasek, Josef"]
[Result "1/2-1/2"]
[WhiteElo "1625"]
[BlackElo "1314"]
[PlyCount "78"]
[EventDate "2022.07.02"]
[EventType "swiss"]
[EventRounds "9"]
[EventCountry "CZE"]

1. Nf3 Nf6 2. d3 d5 3. e3 e6 4. Be2 Be7 5. O-O O-O 6. b3 c5 7. Bb2 Nc6 8. Nbd2 a6 9. Ne5 Nxe5 10. Bxe5 b5 11. f4 Nd7 12. Bb2 Bf6 13. Bxf6 Nxf6 14. Nf3 Qc7 15. Ne5 Nd7 16. d4 Nxe5 17. fxe5 Qe7 18. c4 bxc4 19. bxc4 Bb7 20. Rb1 Rab8 21. cxd5 Bxd5 22. Rxb8 Rxb8 23. Qd2 Qg5 24. g3 cxd4 25. Qxd4 Qg6 26. Bd3 Qg5 27. Qa7 Rf8 28. Qd4 Bxa2 29. Bxa6 h6 30. Bd3 Rd8 31. Qe4 Rd5 32. Rc1 g6 33. Rc8+ Kg7 34. Qb4 Qxe3+ 35. Kg2 Qxe5 36. Qf8+ Kf6 37. Rc2 Qd4 38. Qh8+ Ke7 39. Rc7+ Kd6 1/2-1/2

[Event "28. Klatovy B 2022"]
[Site "Klatovy"]
[Date "2022.07.05"]
[Round "4.30"]
[White "Filip, Petr 1952"]
[Black "Novy, Jan"]
[Result "0-1"]
[WhiteElo "1266"]
[BlackElo "1464"]
[PlyCount "58"]
[EventDate "2022.07.02"]
[EventType "swiss"]
[EventRounds "9"]
[EventCountry "CZE"]

1. e4 d5 2. Nc3 d4 3. Nce2 e5 4. c3 d3 5. Ng3 Nf6 6. Qf3 c6 7. Bxd3 Bg4 8. Qe3 Nbd7 9. h3 Be6 10. b4 a5 11. Ba3 Be7 12. Nf3 O-O 13. O-O axb4 14. Bxb4 c5 15. Nf5 Bxf5 16. exf5 cxb4 17. Bc4 Bc5 18. d4 exd4 19. cxd4 Re8 20. Qg5 Be7 21. Ne5 Rf8 22. Ng4 Ne4 23. Qf4 Ndf6 24. f3 Qxd4+ 25. Nf2 Nxf2 26. Rxf2 Bd6 27. Qc1 Bg3 28. Qc2 Bxf2+ 29. Kh1 Qxa1+ 0-1

[Event "28. Klatovy B 2022"]
[Site "Klatovy"]
[Date "2022.07.05"]
[Round "4.31"]
[White "Kusova, Nikola"]
[Black "Koupil, Stepan"]
[Result "0-1"]
[WhiteElo "1250"]
[BlackElo "1450"]
[PlyCount "48"]
[EventDate "2022.07.02"]
[EventType "swiss"]
[EventRounds "9"]
[EventCountry "CZE"]

1. e4 e5 2. Nc3 Nf6 3. Bc4 Bc5 4. d3 c6 5. f4 exf4 6. Bxf4 Bxg1 7. Rxg1 d5 8. Bb3 Qb6 9. Rf1 Bg4 10. Qd2 O-O 11. Na4 Qd8 12. Bg5 dxe4 13. Qf2 Qa5+ 14. c3 Qxg5 15. Qg3 exd3 16. Qxd3 Re8+ 17. Kf2 Be2 18. Qh3 Ng4+ 19. Kg1 Bxf1 20. Rxf1 Nf6 21. Rf3 Re1+ 22. Kf2 Qd2+ 23. Kg3 Ne4+ 24. Kg4 Qg5# 0-1

[Event "28. Klatovy B 2022"]
[Site "Klatovy"]
[Date "2022.07.05"]
[Round "4.32"]
[White "Trcka, Bohdan"]
[Black "Skalicky, Jindrich"]
[Result "1-0"]
[WhiteElo "1448"]
[BlackElo "1152"]
[PlyCount "127"]
[EventDate "2022.07.02"]
[EventType "swiss"]
[EventRounds "9"]
[EventCountry "CZE"]

1. e4 c5 2. f4 d5 3. e5 Nc6 4. c3 e6 5. Be2 Nh6 6. d3 Be7 7. Be3 Qc7 8. d4 b6 9. Na3 Bb7 10. h4 O-O-O 11. Nc2 Nf5 12. Bf2 g6 13. g4 Ng7 14. Nf3 Kb8 15. a4 Rdf8 16. Na3 a6 17. Nc2 cxd4 18. Ncxd4 Nxd4 19. Nxd4 Rc8 20. Kd2 Bc5 21. Qf1 Bxd4 22. Bxd4 a5 23. Ba6 Bxa6 24. Qxa6 Qb7 25. Qxb6 Rc6 26. Qxb7+ Kxb7 27. Rhb1 Ra6 28. b4 axb4 29. Rxb4+ Kc6 30. a5 Rha8 31. Rb6+ Rxb6 32. Bxb6 h5 33. gxh5 Nxh5 34. Ke3 Ng3 35. Kd3 Ne4 36. c4 Nc5+ 37. Bxc5 Kxc5 38. cxd5 exd5 39. Rc1+ Kb5 40. Rc7 Rxa5 41. Rxf7 Ra3+ 42. Kd4 Ra4+ 43. Kxd5 Ra5 44. Ke6 Ra6+ 45. Ke7 Kc4 46. Rf6 Ra7+ 47. Kf8 Rh7 48. Rxg6 Rxh4 49. Rf6 Kd5 50. Rd6+ Ke4 51. Rf6 Rh8+ 52. Kg7 Re8 53. e6 Kd5 54. f5 Ke5 55. Rf8 Re7+ 56. Kg6 Kd6 57. Rd8+ Ke5 58. Rd7 Re8 59. Kf7 Rh8 60. e7 Rh7+ 61. Kg6 Rh8 62. Rd8 Rh3 63. e8=Q+ Kf4 64. Rd4+ 1-0

[Event "28. Klatovy B 2022"]
[Site "Klatovy"]
[Date "2022.07.05"]
[Round "4.33"]
[White "Maly, Jiri 2011"]
[Black "Rudlof, Adam"]
[Result "1-0"]
[WhiteElo "1249"]
[BlackElo "1438"]
[PlyCount "95"]
[EventDate "2022.07.02"]
[EventType "swiss"]
[EventRounds "9"]
[EventCountry "CZE"]

1. e4 c5 2. Nf3 e6 3. Bd3 d5 4. exd5 exd5 5. O-O Nf6 6. Re1+ Be7 7. c3 O-O 8. Bc2 Bg4 9. d4 cxd4 10. cxd4 Nc6 11. Be3 Bb4 12. Rf1 Ne4 13. Qd3 Bxf3 14. gxf3 Ng5 15. Kh1 g6 16. f4 Ne6 17. f5 Qh4 18. fxe6 Bd6 19. f4 Nb4 20. Qd2 Rac8 21. Bb3 Qh3 22. exf7+ Rxf7 23. Nc3 Re8 24. Nxd5 Nxd5 25. Bxd5 Rxe3 26. Bxf7+ Kxf7 27. Rae1 Rxe1 28. Rxe1 Qf3+ 29. Qg2 Qxg2+ 30. Kxg2 Bxf4 31. d5 g5 32. h3 h5 33. Kf3 b6 34. b3 h4 35. Re4 Kf6 36. Rxf4+ gxf4 37. Kxf4 a6 38. Kg4 Ke5 39. Kxh4 Kxd5 40. Kg5 Kd4 41. h4 Kc3 42. h5 Kb2 43. h6 Kxa2 44. h7 Kxb3 45. h8=Q a5 46. Qb8 a4 47. Qxb6+ Ka3 48. Qb5 1-0

[Event "28. Klatovy B 2022"]
[Site "Klatovy"]
[Date "2022.07.05"]
[Round "4.34"]
[White "Jedlicka, Pavel"]
[Black "Veverka, Max"]
[Result "1-0"]
[WhiteElo "1406"]
[BlackElo "1078"]
[PlyCount "63"]
[EventDate "2022.07.02"]
[EventType "swiss"]
[EventRounds "9"]
[EventCountry "CZE"]

1. d4 d5 2. f4 e6 3. e3 Nf6 4. Nf3 c5 5. Ne5 Bd7 6. Nd2 Nc6 7. Nxd7 Qxd7 8. Bb5 Bd6 9. Nf3 O-O 10. O-O Ne4 11. Ne5 Bxe5 12. fxe5 b6 13. Qg4 Rac8 14. c4 f5 15. exf6 Nxf6 16. Qh3 Qe7 17. Bd2 cxd4 18. Bxc6 dxe3 19. Qxe3 Rxc6 20. a3 Rxc4 21. Bb4 d4 22. Qh3 Rxb4 23. axb4 e5 24. Qd3 Qxb4 25. Qf5 Qe7 26. Rae1 Nd7 27. Qe4 Rxf1+ 28. Rxf1 Qb4 29. Qd5+ Kh8 30. Qa8+ Nf8 31. Rxf8+ Qxf8 32. Qxf8# 1-0

[Event "28. Klatovy B 2022"]
[Site "Klatovy"]
[Date "2022.07.05"]
[Round "4.35"]
[White "Kroulik, Stepan"]
[Black "Zlamana, Tatjana 1956"]
[Result "1-0"]
[WhiteElo "1134"]
[BlackElo "1404"]
[PlyCount "118"]
[EventDate "2022.07.02"]
[EventType "swiss"]
[EventRounds "9"]
[EventCountry "CZE"]

1. e4 c5 2. Nf3 Nc6 3. d4 cxd4 4. Nxd4 Qc7 5. Nc3 e6 6. Be3 a6 7. Bc4 Nf6 8. O-O d6 9. Bb3 Na5 10. f3 Nxb3 11. Nxb3 Be7 12. a4 b6 13. f4 O-O 14. Qe2 Bb7 15. Bd2 Rac8 16. Rae1 Rfd8 17. f5 exf5 18. exf5 Re8 19. Qf2 d5 20. Bf4 Bc5 21. Rxe8+ Rxe8 22. Bxc7 Bxf2+ 23. Kxf2 b5 24. axb5 Ne4+ 25. Nxe4 dxe4 26. bxa6 Bxa6 27. Re1 g6 28. fxg6 hxg6 29. Nc5 Bc8 30. Rxe4 Rxe4 31. Nxe4 f5 32. Nd6 Bd7 33. b4 Kf8 34. b5 Ke7 35. b6 Bc6 36. b7 Bxb7 37. Nxb7 Kd7 38. Bf4 Kc6 39. Nd8+ Kd7 40. Nf7 Ke7 41. Nh8 Kf6 42. Ke3 g5 43. Bb8 g4 44. Kd4 Ke6 45. Kc5 Kf6 46. Kd6 f4 47. Ba7 Kf5 48. Bf2 Ke4 49. c4 Kd3 50. c5 Ke2 51. c6 Kxf2 52. c7 Kxg2 53. c8=Q Kg1 54. Qxg4+ Kxh2 55. Qxf4+ Kg2 56. Ng6 Kh3 57. Qh4+ Kg2 58. Nf4+ Kf3 59. Ke5 Ke3 1-0